[Event "Mittelfrank Regionalliga Nord-West 2223"]
[Site "Mittelfranken"]
[Date "2023.03.05"]
[Round "7.4"]
[White "Lukas, Norbert"]
[Black "Reissner, Andreas"]
[Result "1/2-1/2"]
[WhiteElo "1937"]
[BlackElo "1982"]
[PlyCount "93"]
[EventDate "2022.10.09"]
[EventType "team-tourn"]
[EventRounds "9"]
[EventCountry "GER"]
[SourceTitle "EXT 2024"]
[Source "ChessBase"]
[SourceDate "2023.10.10"]
[SourceVersion "1"]
[SourceVersionDate "2023.10.10"]
[SourceQuality "1"]
[WhiteTeam "Schweinfurt"]
[BlackTeam "Marktleuthen"]
[WhiteTeamCountry "GER"]
[BlackTeamCountry "GER"]

1. e4 d6 2. d4 Nf6 3. Nc3 e5 4. dxe5 dxe5 5. Qxd8+ Kxd8 6. Bg5 c6 7. Bc4 Ke8 8. Nf3 Nbd7 9. a3 b5 10. Bd3 Bc5 11. 0-0 h6 12. Bh4 Nh5 13. Kh1 Nf4 14. Bg3 f6 15. Bxf4 exf4 16. Ne2 g5 17. Nfd4 Bxd4 18. Nxd4 Ne5 19. Be2 a6 20. Nf3 Ke7 21. Nxe5 fxe5 22. Rfd1 Be6 23. Rd2 Rhd8 24. Rad1 Rxd2 25. Rxd2 a5 26. Kg1 a4 27. c3 Rd8 28. Rxd8 Kxd8 29. Kf1 Kc7 30. Ke1 Kd6 31. Kd2 Kc5 32. Bh5 Bc4 33. g3 Bf1 34. h4 Bg2 35. hxg5 hxg5 36. Kd3 Bh3 37. Bf7 Bg4 38. Bg8 Bf3 39. Bf7 Kb6 40. c4 Kc5 41. cxb5 cxb5 42. Be8 Bg2 43. Bd7 Kd6 44. Be8 Bh3 45. Kc3 Kc5 46. Kd3 Be6 47. Kc3 1/2-1/2

[Event "Wunsiedel op 12th"]
[Site "Wunsiedel"]
[Date "2018.05.18"]
[Round "2"]
[White "Reissner, Andreas"]
[Black "Hess, Max"]
[Result "0-1"]
[WhiteElo "2061"]
[BlackElo "2334"]
[PlyCount "134"]
[EventDate "2018.05.17"]
[EventType "swiss"]
[EventRounds "9"]
[EventCountry "GER"]
[SourceTitle "CBM 184 Extra"]
[Source "ChessBase"]
[SourceDate "2018.06.28"]
[SourceVersion "1"]
[SourceVersionDate "2018.06.28"]
[SourceQuality "1"]

1. e4 c5 2. Nf3 Nc6 3. d4 cxd4 4. Nxd4 e6 5. Nc3 Qc7 6. Be3 a6 7. Qd2 Nf6 8. f3 Be7 9. g4 b5 10. Nxc6 dxc6 11. Bf4 e5 12. Be3 Be6 13. h4 0-0 14. h5 Rfd8 15. Qf2 Nd7 16. g5 Qa5 17. Bd2 Qb6 18. Nd1 Qxf2+ 19. Nxf2 c5 20. Bh3 Nf8 21. Ng4 Nd7 22. b3 c4 23. Ke2 Rac8 24. g6 cxb3 25. cxb3 Nf8 26. Nxe5 Rc2 27. Nd3 Bg5 28. f4 Bxf4 29. Nxf4 Rdxd2+ 30. Ke3 hxg6 31. hxg6 Bxh3 32. gxf7+ Kxf7 33. Nxh3 Re2+ 34. Kd3 Nd7 35. Rhf1+ Ke7 36. Ng5 Kd6 37. Nf7+ Ke6 38. Ng5+ Kd6 39. Nf7+ Ke7 40. Ng5 a5 41. Rf5 Kd6 42. Rd5+ Kc6 43. Rd1 Nf6 44. Rf5 Rxa2 45. Rc1+ Kb6 46. Nf3 Nxe4 47. Rxb5+ Kxb5 48. Nd4+ Kb6 49. Nxe2 Nc5+ 50. Ke3 Rb2 51. Nd4 Nxb3 52. Rg1 Nxd4 53. Kxd4 Rd2+ 54. Kc4 Rc2+ 55. Kd5 Rc7 56. Rb1+ Ka6 57. Kd6 Rb7 58. Ra1 g5 59. Kc6 Rg7 60. Rb1 Rg6+ 61. Kc5 g4 62. Rg1 g3 63. Rg2 a4 64. Kb4 Rg4+ 65. Kc5 Ka5 66. Kd5 a3 67. Ke5 Kb4 0-1

[Event "Regionalliga NW 1516"]
[Site "Bayern"]
[Date "2015.10.25"]
[Round "2.3"]
[White "Reissner, Andreas"]
[Black "Schindler, Viktor"]
[Result "0-1"]
[WhiteElo "2018"]
[BlackElo "2141"]
[PlyCount "68"]
[EventDate "2015.10.11"]
[EventType "team-tourn"]
[EventRounds "9"]
[EventCountry "GER"]
[SourceTitle "EXT 2018"]
[Source "ChessBase"]
[SourceDate "2017.10.13"]
[SourceVersion "1"]
[SourceVersionDate "2017.10.13"]
[SourceQuality "1"]
[WhiteTeam "Marktleuthen"]
[BlackTeam "Hof PTSV"]
[WhiteTeamCountry "GER"]
[BlackTeamCountry "GER"]

1. e4 c5 2. Nf3 e6 3. d4 cxd4 4. Nxd4 Nc6 5. Be3 Nf6 6. Bd3 Qc7 7. a3 a6 8. Nc3 Bd6 9. Nxc6 bxc6 10. g4 h5 11. g5 Ng4 12. Bd4 e5 13. Be3 Nxe3 14. fxe3 Bc5 15. Kd2 d6 16. h3 Be6 17. b4 Ba7 18. Qf3 Rd8 19. Bxa6 d5 20. Bd3 d4 21. exd4 Bxd4 22. Na4 Qa7 23. Nc5 Bxc5 24. bxc5 Qxc5 25. Rhb1 0-0 26. Rb7 Qa5+ 27. Ke3 c5 28. Rd1 c4 29. Qxh5 Qc5+ 30. Ke2 cxd3+ 31. cxd3 g6 32. Qf3 Rb8 33. Rxb8 Rxb8 34. h4 Qc8 0-1

[Event "Regionalliga NW 1112"]
[Site "Bayern"]
[Date "2011.11.20"]
[Round "3.5"]
[White "Reisert, Wolfgang"]
[Black "Reissner, Andreas"]
[Result "1/2-1/2"]
[WhiteElo "1988"]
[BlackElo "2026"]
[PlyCount "94"]
[EventDate "2011.10.02"]
[EventType "team-tourn"]
[EventRounds "9"]
[EventCountry "GER"]
[SourceTitle "EXT 2013"]
[Source "ChessBase"]
[SourceDate "2012.11.22"]
[SourceVersion "1"]
[SourceVersionDate "2012.11.22"]
[SourceQuality "1"]
[WhiteTeam "Mainaschaff"]
[BlackTeam "Marktleuthen"]
[WhiteTeamCountry "GER"]
[BlackTeamCountry "GER"]

1. d4 Nf6 2. Nf3 d5 3. Bf4 Bf5 4. e3 e6 5. Be2 Nbd7 6. 0-0 Bd6 7. Bxd6 cxd6 8. c3 0-0 9. Qb3 Qb6 10. Nbd2 Ne4 11. Nxe4 Bxe4 12. Nd2 Bg6 13. Rfc1 Qxb3 14. axb3 a6 15. b4 e5 16. Ra5 Nf6 17. Rca1 exd4 18. exd4 Rfe8 19. Bf1 h6 20. b5 Rab8 21. f3 Re7 22. Kf2 Ne8 23. Re1 Kf8 24. b3 Nc7 25. Rxe7 Kxe7 26. bxa6 bxa6 27. b4 Nb5 28. Bxb5 axb5 29. Ke3 Rc8 30. Ra3 Kd7 31. Nf1 Ke6 32. Kd2 Rb8 33. Ra7 Bb1 34. Ra1 Bh7 35. Ra7 Bb1 36. Ng3 g5 37. Ne2 Bg6 38. Nc1 h5 39. Nb3 g4 40. Ra6 gxf3 41. gxf3 Kd7 42. Na5 Bf5 43. Ra7+ Ke6 44. Nc6 Rg8 45. Re7+ Kf6 46. Re2 Ra8 47. Na5 h4 1/2-1/2

[Event "Regionalliga NW 1011"]
[Site "Bayern"]
[Date "2011.02.06"]
[Round "6.5"]
[White "Lindner, Marco"]
[Black "Reissner, Andreas"]
[Result "1/2-1/2"]
[WhiteElo "1946"]
[BlackElo "1964"]
[PlyCount "57"]
[EventDate "2010.10.10"]
[EventType "team-tourn"]
[EventRounds "9"]
[EventCountry "GER"]
[SourceTitle "EXT 2012"]
[Source "ChessBase"]
[SourceDate "2011.11.24"]
[SourceVersion "1"]
[SourceVersionDate "2011.11.24"]
[SourceQuality "1"]
[WhiteTeam "Mainaschaff"]
[BlackTeam "Marktleuthen"]
[WhiteTeamCountry "GER"]
[BlackTeamCountry "GER"]

1. e4 d6 2. d4 Nf6 3. Nc3 e5 4. dxe5 dxe5 5. Qxd8+ Kxd8 6. Bg5 Be6 7. 0-0-0+ Kc8 8. Nge2 Bc5 9. f3 Nbd7 10. Kb1 c6 11. Nc1 h6 12. Bd2 Kc7 13. Nd3 Bd6 14. g3 Nc5 15. Nxc5 Bxc5 16. Bd3 Nd7 17. f4 f6 18. f5 Bf7 19. Na4 Be7 20. Be3 b5 21. Nc3 Nc5 22. g4 b4 23. Ne2 Nxd3 24. Rxd3 Bc4 25. Rd2 Rhd8 26. Nc1 Rxd2 27. Bxd2 Bc5 28. Nd3 Bxd3 29. cxd3 1/2-1/2

[Event "Regionalliga NW 0910"]
[Site "Bayern"]
[Date "2009.11.29"]
[Round "3.8"]
[White "Becker, Thomas4444"]
[Black "Reissner, Andreas"]
[Result "0-1"]
[WhiteElo "1798"]
[BlackElo "1973"]
[PlyCount "130"]
[EventDate "2009.10.18"]
[EventType "team-tourn"]
[EventRounds "9"]
[EventCountry "GER"]
[SourceTitle "EXT 2011"]
[Source "ChessBase"]
[SourceDate "2010.11.26"]
[SourceVersion "1"]
[SourceVersionDate "2010.11.26"]
[SourceQuality "1"]
[WhiteTeam "Obernau"]
[BlackTeam "Marktleuthen"]
[WhiteTeamCountry "GER"]
[BlackTeamCountry "GER"]

1. c4 Nf6 2. Nc3 e6 3. Nf3 b6 4. g3 Bb7 5. Bg2 Bb4 6. Qb3 Bxc3 7. Qxc3 0-0 8. 0-0 d6 9. d3 Nbd7 10. Bg5 h6 11. Bxf6 Nxf6 12. b4 c5 13. b5 d5 14. a4 d4 15. Qb2 Qc7 16. a5 e5 17. a6 Bxf3 18. Bxf3 Rad8 19. Bg2 Rfe8 20. Qc2 Ng4 21. Bh3 Nf6 22. Bg2 Rd6 23. h3 Rde6 24. Rae1 e4 25. Rd1 h5 26. dxe4 Nxe4 27. Bxe4 Rxe4 28. Rd2 Qe7 29. Re1 Qg5 30. Rd3 R8e6 31. Qd2 Qg6 32. Rf3 f6 33. Kf1 Qe8 34. Qd3 Qb8 35. Kg2 Qe5 36. Kf1 h4 37. Qd2 hxg3 38. Rxg3 Rf4 39. Kg2 Qe4+ 40. f3 Qe3 41. Qxe3 Rxe3 42. Kf2 Rc3 43. Rg6 Re3 44. Reg1 Re7 45. R6g2 Rh4 46. Rg3 Rh7 47. f4 Rh4 48. Rf3 Kf7 49. Rg4 Rh6 50. Rfg3 g6 51. f5 g5 52. h4 Re5 53. hxg5 Rh2+ 54. Kg1 Rhxe2 55. gxf6 Re1+ 56. Kh2 R5e2+ 57. Rg2 d3 58. Rg7+ Kxf6 59. Rxa7 d2 60. Rd7 Rxg2+ 61. Kxg2 d1Q 62. a7 Re2+ 63. Kg3 Re3+ 64. Kg2 Qf3+ 65. Kh2 Qg3+ 0-1

[Event "Landesliga Nord 0607"]
[Site "Bayern"]
[Date "2006.10.15"]
[Round "1.8"]
[White "Vogiatzis, Dimitrios"]
[Black "Reissner, Andreas"]
[Result "1-0"]
[WhiteElo "1996"]
[BlackElo "1927"]
[PlyCount "79"]
[EventDate "2006.10.15"]
[EventType "team"]
[EventRounds "9"]
[EventCountry "GER"]
[SourceTitle "EXT 2008"]
[Source "ChessBase"]
[SourceDate "2007.11.25"]
[SourceVersion "1"]
[SourceVersionDate "2007.11.25"]
[SourceQuality "1"]
[WhiteTeam "Nuernberg NT II"]
[BlackTeam "Marktleuthen"]
[WhiteTeamCountry "GER"]
[BlackTeamCountry "GER"]

1. e4 e5 2. d4 exd4 3. Qxd4 Nc6 4. Qe3 d6 5. Nc3 Nf6 6. Bd2 Be6 7. f4 Be7 8. h3 a6 9. f5 Bd7 10. 0-0-0 Ne5 11. Nf3 b5 12. Nxe5 dxe5 13. g4 h6 14. Be2 Qb8 15. h4 b4 16. Nd5 Nxd5 17. exd5 Bd6 18. Qe4 a5 19. g5 h5 20. Bf4 Kd8 21. Be3 a4 22. Bc4 Bb5 23. Kb1 Kd7 24. Rhe1 Qb7 25. Bf2 Rhb8 26. f6 g6 27. Bg3 Bxc4 28. Qxc4 b3 29. cxb3 axb3 30. a3 Bxa3 31. d6 Bxd6 32. Qxf7+ Kc6 33. Rc1+ Kb6 34. Qxb3+ Ka5 35. Rxe5+ Bxe5 36. Rc5+ Ka6 37. Qa4+ Kb6 38. Rb5+ Kc6 39. Qc4+ Kd7 40. Qf7+ 1-0